| 000 | 00785nam a2200205Ia 4500 | ||
|---|---|---|---|
| 003 | GCL | ||
| 008 | 140319s9999 xx 000 0 ara d | ||
| 020 | _a3455103977 | ||
| 040 |
_aGCL / _cGCL |
||
| 082 | 0 | 4 |
_aق _b932 _bن م |
| 100 | 1 | _aنبيلة محمد عبدالحليم | |
| 245 | 1 | 0 |
_aمعالم التاريخ الحضارى والسياسى فى مصر الفرعونية / _cنبيلة محمد عبدالحليم |
| 260 |
_aالقاهرة : _bمنشاة المعارف ، _c1988 |
||
| 300 |
_a353 ص ؛ _c22 سم |
||
| 490 |
_aكتب تاريخية _v0 |
||
| 650 | 0 | 4 | _aمصر القديمة - الاحوال الاجتماعية |
| 650 | 0 | 4 | _aمصر القديمة - الاحوال السياسية |
| 650 | 0 | 4 | _aمصر القديمة - تاريخ |
| 942 |
_2ddc _cBK |
||
| 999 |
_c43324 _d43324 |
||